00323nam a2200121Ia 4500008004100000020001500041041001200056100001800068245004200086260004900128300000800177650001600185221030s9999 xx 000 0 und d a0074604821 aEnglish aJ. J. Donovan 0aSystems Programmingcby J. J. Donovan bMcGraw - Hill Edu. Pvt. LtdaNew Delhic2014 a488 aBE Computer